[Event "BRA-ch sf3"]
[Site "Brasilia"]
[Date "2012.07.28"]
[Round "5"]
[White "Maciel, Diogo Alves"]
[Black "Barbosa, Edinardo Meireles"]
[Result "1/2-1/2"]
[WhiteElo "1578"]
[BlackElo "1732"]
[PlyCount "29"]
[EventDate "2012.07.21"]
[EventType "swiss"]
[EventRounds "6"]
[EventCountry "BRA"]
[SourceTitle "EXT 2014"]
[Source "ChessBase"]
[SourceDate "2013.11.20"]
[SourceVersion "1"]
[SourceVersionDate "2013.11.20"]
[SourceQuality "1"]

1. e4 e5 2. Nf3 Nc6 3. Bb5 a6 4. Ba4 Nf6 5. O-O Be7 6. Re1 b5 7. Bb3 O-O 8. h3
d5 9. exd5 Nxd5 10. Nxe5 Nxe5 11. Rxe5 c6 12. c3 Bd6 13. Re1 Qh4 14. Qf3 Nf4
15. Re4 1/2-1/2

[Event "BRA-ch sf3"]
[Site "Brasilia"]
[Date "2012.07.28"]
[Round "6"]
[White "Barbosa, Edinardo Meireles"]
[Black "Felix, Raimundo Nascimento"]
[Result "0-1"]
[WhiteElo "1732"]
[BlackElo "2008"]
[PlyCount "46"]
[EventDate "2012.07.21"]
[EventType "swiss"]
[EventRounds "6"]
[EventCountry "BRA"]
[SourceTitle "EXT 2014"]
[Source "ChessBase"]
[SourceDate "2013.11.20"]
[SourceVersion "1"]
[SourceVersionDate "2013.11.20"]
[SourceQuality "1"]

1. e4 c5 2. Nf3 d6 3. d4 cxd4 4. Nxd4 Nf6 5. Nc3 g6 6. Bc4 Bg7 7. Bg5 O-O 8.
Qd2 Nc6 9. Nf3 Bg4 10. O-O-O Na5 11. Be2 Rc8 12. Bxf6 Bxf6 13. Nd5 Bg7 14. h3
Bxf3 15. Bxf3 Bxb2+ 16. Kb1 e6 17. Qb4 Be5 18. Ne7+ Qxe7 19. Qxa5 Rc5 20. Qa4
Rfc8 21. Rd2 Qc7 22. Bd1 Qb6+ 23. Qb3 Rb5 0-1

[Event "Brasilia Oeste op"]
[Site "Brasilia"]
[Date "2012.10.11"]
[Round "1"]
[White "Nery, Jose Antonio Jr"]
[Black "Barbosa, Edinardo Meireles"]
[Result "1-0"]
[WhiteElo "1859"]
[BlackElo "1722"]
[PlyCount "55"]
[EventDate "2012.10.11"]
[EventType "swiss"]
[EventRounds "7"]
[EventCountry "BRA"]
[SourceTitle "EXT 2013"]
[Source "ChessBase"]
[SourceDate "2012.11.22"]
[SourceVersion "1"]
[SourceVersionDate "2012.11.22"]
[SourceQuality "1"]

1. e4 c5 2. Nf3 e6 3. d4 cxd4 4. Nxd4 a6 5. Bd3 Nf6 6. O-O Qc7 7. c4 Nc6 8.
Nxc6 bxc6 9. Be3 Bb7 10. f4 d6 11. Nc3 Be7 12. Rf3 Ng4 13. Kh1 Nxe3 14. Rxe3 d5
15. exd5 cxd5 16. cxd5 Qxf4 17. Re4 Qd6 18. Qa4+ Kf8 19. Rf4 e5 20. Rf2 f6 21.
Re1 Bxd5 22. Nxd5 Qxd5 23. Be4 Qd8 24. Bxa8 Qxa8 25. Rxe5 Kf7 26. Qc4+ Kf8 27.
Qe6 Ke8 28. Qxe7# 1-0

[Event "Brasilia Oeste op"]
[Site "Brasilia"]
[Date "2012.10.12"]
[Round "2"]
[White "Bassani, Eduardo"]
[Black "Barbosa, Edinardo Meireles"]
[Result "1-0"]
[WhiteElo "1927"]
[BlackElo "1722"]
[PlyCount "94"]
[EventDate "2012.10.11"]
[EventType "swiss"]
[EventRounds "7"]
[EventCountry "BRA"]
[SourceTitle "EXT 2013"]
[Source "ChessBase"]
[SourceDate "2012.11.22"]
[SourceVersion "1"]
[SourceVersionDate "2012.11.22"]
[SourceQuality "1"]

1. e4 c5 2. c3 e6 3. d4 cxd4 4. cxd4 Nf6 5. Nc3 Bb4 6. Bd3 Qc7 7. Bd2 a6 8. e5
Bxc3 9. Bxc3 Nd5 10. Bd2 Nc6 11. Qg4 Nxe5 12. dxe5 Qxe5+ 13. Ne2 Qxb2 14. Rb1
Qe5 15. O-O O-O 16. f4 Qd6 17. Qh3 f5 18. Kh1 b5 19. Bc2 Bb7 20. Bb3 Rf6 21.
Qd3 Rg6 22. Rf3 Qb6 23. Rg3 Rxg3 24. Nxg3 Nf6 25. h3 Ne4 26. Kh2 Qf2 27. Be1
Qxf4 28. Qxd7 Nc5 29. Bxe6+ Kh8 30. Qe7 Qe5 31. Rc1 Qb2 32. Bd2 Qxd2 33. Rg1
Qe3 34. Nxf5 Qe5+ 35. Kh1 Nxe6 36. Nd6 Bxg2+ 37. Rxg2 Qe1+ 38. Rg1 Qc3 39. Qxe6
Qf3+ 40. Rg2 Qf1+ 41. Kh2 Qf4+ 42. Kg1 Rf8 43. Qg4 Qf1+ 44. Kh2 Qf4+ 45. Qxf4
Rxf4 46. Rc2 h6 47. Kg3 Rf6 1-0

[Event "Brasilia Oeste op"]
[Site "Brasilia"]
[Date "2012.10.12"]
[Round "3"]
[White "Barbosa, Edinardo Meireles"]
[Black "Sampaio Filho, Joao Rodrigues"]
[Result "1/2-1/2"]
[WhiteElo "1722"]
[BlackElo "1770"]
[PlyCount "39"]
[EventDate "2012.10.11"]
[EventType "swiss"]
[EventRounds "7"]
[EventCountry "BRA"]
[SourceTitle "EXT 2013"]
[Source "ChessBase"]
[SourceDate "2012.11.22"]
[SourceVersion "1"]
[SourceVersionDate "2012.11.22"]
[SourceQuality "1"]

1. c4 f5 2. Nc3 Nf6 3. Nf3 e6 4. g3 d5 5. cxd5 exd5 6. Bg2 c6 7. d4 Bd6 8. O-O
O-O 9. Bd2 Nbd7 10. Qc2 Ne4 11. Nxe4 fxe4 12. Ng5 Qe8 13. f3 h6 14. Nh3 Nf6 15.
fxe4 Nxe4 16. Rxf8+ Kxf8 17. Rf1+ Kg8 18. Bxe4 Bxh3 19. Bh7+ Kh8 20. Rf2
1/2-1/2

[Event "Brasilia Oeste op"]
[Site "Brasilia"]
[Date "2012.10.13"]
[Round "4"]
[White "Junqueira, Leonardo de Faria"]
[Black "Barbosa, Edinardo Meireles"]
[Result "0-1"]
[WhiteElo "1788"]
[BlackElo "1722"]
[PlyCount "102"]
[EventDate "2012.10.11"]
[EventType "swiss"]
[EventRounds "7"]
[EventCountry "BRA"]
[SourceTitle "EXT 2013"]
[Source "ChessBase"]
[SourceDate "2012.11.22"]
[SourceVersion "1"]
[SourceVersionDate "2012.11.22"]
[SourceQuality "1"]

1. e4 c5 2. Nf3 e6 3. d4 cxd4 4. Nxd4 a6 5. Bc4 Nf6 6. Bg5 Qa5+ 7. Bd2 Qc5 8.
e5 Qxd4 9. exf6 Qxc4 10. fxg7 Bxg7 11. Bc3 Bxc3+ 12. Nxc3 b5 13. Qf3 Nc6 14. b3
Qc5 15. Ne4 Qe5 16. O-O Bb7 17. Rfe1 Ke7 18. Ng3 Qf6 19. Qd3 Ne5 20. Qd1 Rag8
21. Ne4 Bxe4 22. Rxe4 Rxg2+ 23. Kxg2 Qg6+ 24. Rg4 Nxg4 25. Kf1 Nxh2+ 26. Ke2
Qe4+ 27. Kd2 Qd4+ 28. Ke2 Qe4+ 29. Kd2 Nf3+ 30. Kc3 Rg8 31. Qd3 Rc8+ 32. Kb2
Qxd3 33. cxd3 Nd4 34. Rh1 Rc2+ 35. Ka3 Rxf2 36. Rxh7 a5 37. b4 Nc2+ 38. Kb2
Nxb4+ 39. Kc3 Nxa2+ 40. Kd4 Nb4 41. Kc5 Rf5+ 42. Kb6 a4 43. Ka5 Nc6+ 44. Kb6 a3
45. Rh1 b4 46. d4 b3 47. Rh3 a2 48. d5 a1=Q 49. dxc6 Qa5+ 50. Kb7 Rb5+ 51. Kc8
Qd8# 0-1

[Event "Brasilia Oeste op"]
[Site "Brasilia"]
[Date "2012.10.14"]
[Round "6"]
[White "Barbosa, Edinardo Meireles"]
[Black "Araujo, Helio da Silva"]
[Result "0-1"]
[WhiteElo "1722"]
[BlackElo "1830"]
[PlyCount "103"]
[EventDate "2012.10.11"]
[EventType "swiss"]
[EventRounds "7"]
[EventCountry "BRA"]
[SourceTitle "EXT 2013"]
[Source "ChessBase"]
[SourceDate "2012.11.22"]
[SourceVersion "1"]
[SourceVersionDate "2012.11.22"]
[SourceQuality "1"]

1. e4 c5 2. Nf3 e6 3. d4 cxd4 4. Nxd4 a6 5. c4 Nc6 6. Nc3 Qc7 7. Be3 Nf6 8. a3
Be7 9. Nxc6 bxc6 10. c5 d6 11. cxd6 Bxd6 12. Bd3 O-O 13. O-O Bxh2+ 14. Kh1 Bf4
15. Bc5 Rd8 16. Qf3 e5 17. g3 Bg4 18. Qg2 Rxd3 19. f3 Qd7 20. Kh2 Bxf3 21. Rxf3
Rxf3 22. Qxf3 Qd2+ 23. Kh1 Bg5 24. Be7 Qd7 25. Bxf6 Bxf6 26. Rd1 Qe7 27. Kg2
Rd8 28. Rc1 Rd2+ 29. Kf1 Rd8 30. Nd1 Qd7 31. Ne3 Qh3+ 32. Ke1 Bg5 33. Rxc6 Bxe3
34. Qxe3 Qh1+ 35. Kf2 Qh2+ 36. Ke1 Qxb2 37. Rxa6 Rc8 38. Rd6 h6 39. Rd2 Qc1+
40. Ke2 Rc3 41. Rd8+ Kh7 42. Qxc1 Rxc1 43. Kd2 Rc4 44. Ra8 Rxe4 45. a4 Rg4 46.
a5 Rxg3 47. a6 Ra3 48. a7 Kg6 49. Kc2 h5 50. Kb2 Ra6 51. Kb3 f6 52. Kb4 0-1

[Event "Cuiaba Contaud op"]
[Site "Cuiaba"]
[Date "2012.10.26"]
[Round "1"]
[White "De Freitas, Daniel Gomes"]
[Black "Barbosa, Evandro Amorim"]
[Result "0-1"]
[WhiteElo "1870"]
[BlackElo "2427"]
[PlyCount "124"]
[EventDate "2012.10.26"]
[EventType "swiss"]
[EventRounds "6"]
[EventCountry "BRA"]
[SourceTitle "EXT 2013"]
[Source "ChessBase"]
[SourceDate "2012.11.22"]
[SourceVersion "1"]
[SourceVersionDate "2012.11.22"]
[SourceQuality "1"]

1. e4 c5 2. Nf3 e6 3. d4 cxd4 4. Nxd4 Nc6 5. Be3 Qc7 6. Be2 a6 7. Nc3 Nf6 8. a3
b5 9. O-O Bb7 10. Bf3 Ne5 11. Bf4 Nxf3+ 12. Qxf3 e5 13. Bg3 d6 14. Nf5 g6 15.
Ne3 Be7 16. Bh4 Qd8 17. Bxf6 Bxf6 18. Ned5 Bg7 19. Rad1 O-O 20. Rd3 f5 21. exf5
gxf5 22. Nf6+ Qxf6 23. Qxb7 e4 24. Rg3 Kh8 25. Rd1 Qf7 26. Qxf7 Rxf7 27. Rxd6
Be5 28. Rd2 Bxg3 29. hxg3 Raa7 30. Ne2 Rfd7 31. Nd4 Rd5 32. c3 a5 33. Kf1 Rc7
34. Ke1 h5 35. Ne6 Rxd2 36. Kxd2 Rd7+ 37. Ke2 Rd6 38. Nf4 Rh6 39. Ke3 Kg7 40.
b4 axb4 41. axb4 Rc6 42. Ne2 Kf6 43. Kf4 Rc4 44. Ke3 Ke5 45. Kd2 Rc7 46. Nd4
Rb7 47. Ke3 Rb6 48. Kd2 Ra6 49. Nxb5 Ra2+ 50. Ke1 Rc2 51. Kf1 h4 52. gxh4 f4
53. Ke1 e3 54. fxe3 fxe3 55. g4 Ke4 56. Nd4 Rxc3 57. Ne2 Rb3 58. Kf1 Rxb4 59.
g5 Kd3 60. g6 Rxh4 61. Nc1+ Kd2 62. Nb3+ Kd1 0-1

[Event "Cuiaba Contaud op"]
[Site "Cuiaba"]
[Date "2012.10.26"]
[Round "2"]
[White "Barbosa, Evandro Amorim"]
[Black "Langner, Donizete Ribeiro"]
[Result "1-0"]
[WhiteElo "2427"]
[BlackElo "2019"]
[PlyCount "85"]
[EventDate "2012.10.26"]
[EventType "swiss"]
[EventRounds "6"]
[EventCountry "BRA"]
[SourceTitle "EXT 2013"]
[Source "ChessBase"]
[SourceDate "2012.11.22"]
[SourceVersion "1"]
[SourceVersionDate "2012.11.22"]
[SourceQuality "1"]

1. d4 Nf6 2. c4 c5 3. d5 b5 4. Nf3 e6 5. Bg5 Qa5+ 6. Qd2 Qxd2+ 7. Nbxd2 exd5 8.
Bxf6 gxf6 9. cxd5 d6 10. e4 a6 11. a4 b4 12. Nc4 Ra7 13. Nh4 Rg8 14. Be2 f5 15.
exf5 Be7 16. g3 Bxh4 17. gxh4 Ke7 18. Ne3 Nd7 19. O-O-O Nf6 20. Bf3 Bd7 21. b3
Raa8 22. Rhe1 Kf8 23. Nc4 Ne8 24. Nb6 Rd8 25. Re4 Bxf5 26. Rf4 Ng7 27. h5 h6
28. Rg1 Bc8 29. Rg6 Ne8 30. Be4 Rh8 31. Rg3 Ng7 32. Bg6 f5 33. Re3 Bd7 34. Re1
Be8 35. Bxf5 Nxf5 36. Rxf5+ Bf7 37. Re6 Rg8 38. Rxh6 Rg1+ 39. Kd2 Kg7 40. Rhf6
Bxh5 41. Re6 Bg6 42. Rf3 Rb1 43. Rg3 1-0

[Event "Cuiaba Contaud op"]
[Site "Cuiaba"]
[Date "2012.10.27"]
[Round "3"]
[White "Campelo, Leandro Fabricio"]
[Black "Barbosa, Evandro Amorim"]
[Result "0-1"]
[WhiteElo "2256"]
[BlackElo "2427"]
[PlyCount "84"]
[EventDate "2012.10.26"]
[EventType "swiss"]
[EventRounds "6"]
[EventCountry "BRA"]
[SourceTitle "EXT 2013"]
[Source "ChessBase"]
[SourceDate "2012.11.22"]
[SourceVersion "1"]
[SourceVersionDate "2012.11.22"]
[SourceQuality "1"]

1. e4 c5 2. Nf3 e6 3. d4 cxd4 4. Nxd4 Nc6 5. Nc3 Qc7 6. Be3 a6 7. Bd3 Nf6 8.
O-O b5 9. Re1 Bb7 10. Nxc6 Qxc6 11. Bg5 Bb4 12. Qf3 Bxc3 13. bxc3 Qxc3 14. Qg3
h6 15. Bxf6 Qxf6 16. e5 Qg5 17. a4 Qxg3 18. hxg3 bxa4 19. Rxa4 Ke7 20. Rb1 Ra7
21. Ra5 Rha8 22. Rb6 Kd8 23. c4 Kc7 24. c5 Bc8 25. Rb4 g5 26. Kf1 Rb8 27. Rxb8
Kxb8 28. Be4 Bb7 29. Bxb7 Kxb7 30. Ke2 Ra8 31. f4 Rf8 32. Ke3 f6 33. exf6 Rxf6
34. fxg5 hxg5 35. c6+ Kxc6 36. Rxg5 Rf8 37. g4 Ra8 38. Kd3 a5 39. Kc3 a4 40.
Kb2 d5 41. Rg6 Kd6 42. g5 d4 0-1

[Event "Cuiaba Contaud op"]
[Site "Cuiaba"]
[Date "2012.10.27"]
[Round "4"]
[White "Barbosa, Evandro Amorim"]
[Black "Rodi, Luis Ernesto"]
[Result "1-0"]
[WhiteElo "2427"]
[BlackElo "2354"]
[PlyCount "129"]
[EventDate "2012.10.26"]
[EventType "swiss"]
[EventRounds "6"]
[EventCountry "BRA"]
[SourceTitle "EXT 2013"]
[Source "ChessBase"]
[SourceDate "2012.11.22"]
[SourceVersion "1"]
[SourceVersionDate "2012.11.22"]
[SourceQuality "1"]

1. e4 e6 2. d4 d5 3. Nc3 Bb4 4. e5 c5 5. a3 Bxc3+ 6. bxc3 Qa5 7. Bd2 Qa4 8. Qb1
c4 9. Nh3 Nc6 10. Nf4 Bd7 11. g3 O-O-O 12. h4 f6 13. Bh3 f5 14. g4 g6 15. gxf5
gxf5 16. Qb2 Nge7 17. Ke2 Rhg8 18. Nh5 Qa5 19. Nf6 Rg7 20. Rhg1 Rf7 21. Rg3 Qc7
22. f4 Rdf8 23. Rag1 Ng6 24. h5 Nxf4+ 25. Bxf4 Rxf6 26. Rg7 b6 27. Rxh7 R6f7
28. Rxf7 Rxf7 29. Rg8+ Kb7 30. Rh8 Bc8 31. Bg2 Rh7 32. Rxh7 Qxh7 33. Bf3 Bd7
34. Qc1 Be8 35. Qh1 Ne7 36. Kd2 Kc6 37. Qh2 Ng8 38. Qh4 Kd7 39. Qg5 Bf7 40. Ke1
Ne7 41. Kf2 Ng8 42. Bd1 Ne7 43. Qh6 Qxh6 44. Bxh6 Bg8 45. Kg3 Bh7 46. Kf4 Ke8
47. Bg5 Nc6 48. Bf6 Kf7 49. Kg5 b5 50. h6 Ne7 51. Bh5+ Ng6 52. Bd8 a6 53. Bc7
f4 54. Bd8 f3 55. Bxf3 Nf8 56. Bh5+ Bg6 57. Bxg6+ Nxg6 58. Bf6 Nf8 59. Bg7 Nd7
60. Kh5 a5 61. Kg5 a4 62. Kh5 Nc5 63. Bf6 Nd3 64. cxd3 cxd3 65. Bg5 1-0

[Event "Cuiaba Contaud op"]
[Site "Cuiaba"]
[Date "2012.10.28"]
[Round "5"]
[White "Matsuura, Everaldo"]
[Black "Barbosa, Evandro Amorim"]
[Result "1-0"]
[WhiteElo "2482"]
[BlackElo "2427"]
[PlyCount "41"]
[EventDate "2012.10.26"]
[EventType "swiss"]
[EventRounds "6"]
[EventCountry "BRA"]
[SourceTitle "EXT 2013"]
[Source "ChessBase"]
[SourceDate "2012.11.22"]
[SourceVersion "1"]
[SourceVersionDate "2012.11.22"]
[SourceQuality "1"]

1. d4 Nf6 2. c4 g6 3. f3 d5 4. cxd5 Nxd5 5. e4 Nb6 6. Nc3 Bg7 7. Be3 O-O 8. Qd2
Be6 9. d5 Bc8 10. O-O-O c6 11. Bh6 cxd5 12. h4 Qd6 13. Bxg7 Kxg7 14. h5 Nc4 15.
Bxc4 dxc4 16. Nd5 e5 17. hxg6 Qxg6 18. Ne2 Na6 19. Ne7 Qf6 20. Ng3 Kh8 21.
Rxh7+ 1-0

[Event "Cuiaba Contaud op"]
[Site "Cuiaba"]
[Date "2012.10.28"]
[Round "6"]
[White "Barbosa, Evandro Amorim"]
[Black "Nery, Jose Antonio Jr"]
[Result "1/2-1/2"]
[WhiteElo "2427"]
[BlackElo "2069"]
[PlyCount "98"]
[EventDate "2012.10.26"]
[EventType "swiss"]
[EventRounds "6"]
[EventCountry "BRA"]
[SourceTitle "EXT 2013"]
[Source "ChessBase"]
[SourceDate "2012.11.22"]
[SourceVersion "1"]
[SourceVersionDate "2012.11.22"]
[SourceQuality "1"]

1. e4 c5 2. Nf3 d6 3. Bb5+ Bd7 4. Bxd7+ Qxd7 5. O-O Nc6 6. Qe2 g6 7. Rd1 Bg7 8.
c3 e6 9. d4 cxd4 10. cxd4 Nge7 11. d5 exd5 12. exd5 Ne5 13. Nxe5 dxe5 14. f4
Nxd5 15. fxe5 Qc6 16. Qe4 Ne7 17. Nc3 Qxe4 18. Nxe4 Bxe5 19. Bg5 Nc6 20. Nf6+
Bxf6 21. Bxf6 O-O 22. Rd7 b6 23. a4 Rfe8 24. Rf1 Re6 25. b4 Kf8 26. b5 Ne7 27.
Bg5 Ke8 28. Rb7 h5 29. Rd1 f6 30. Bf4 g5 31. Bc7 Nf5 32. Rf1 Ne3 33. Re1 Re7
34. Rb8+ Rxb8 35. Bxb8 Kd8 36. Bxa7 Rxa7 37. Rxe3 Rxa4 38. Re6 Rf4 39. Rxb6 Kc7
40. Rc6+ Kb7 41. g3 Rf5 42. Kg2 g4 43. Re6 Rxb5 44. Rxf6 Kc7 45. Rf2 Kd6 46. h3
Rg5 47. hxg4 hxg4 48. Rf4 Ke5 49. Kf2 Rf5 1/2-1/2

[Event "BRA-ch sf-A"]
[Site "Guarapari"]
[Date "2012.11.01"]
[Round "1"]
[White "Rezende, Guilherme Vilela"]
[Black "Barbosa, Evandro Amorim"]
[Result "0-1"]
[WhiteElo "2019"]
[BlackElo "2407"]
[PlyCount "56"]
[EventDate "2012.11.01"]
[EventType "swiss"]
[EventRounds "7"]
[EventCountry "BRA"]
[SourceTitle "EXT 2013"]
[Source "ChessBase"]
[SourceDate "2012.11.22"]
[SourceVersion "1"]
[SourceVersionDate "2012.11.22"]
[SourceQuality "1"]

1. Nf3 c5 2. c4 Nc6 3. Nc3 e5 4. g3 g6 5. Bg2 Bg7 6. d3 d6 7. O-O Nge7 8. Ne1
Be6 9. Nd5 O-O 10. Nc2 Rb8 11. e4 b5 12. b3 Qd7 13. Nce3 f5 14. Nxe7+ Nxe7 15.
Nd5 f4 16. f3 h5 17. Bd2 Nc6 18. gxf4 exf4 19. Nxf4 Bxa1 20. Qxa1 Nd4 21. Qe1
Rf6 22. Nxe6 Qxe6 23. cxb5 Rbf8 24. f4 Qg4 25. Rf2 Ne6 26. f5 Nd4 27. h3 Qg3
28. Bh6 Nf3+ 0-1

[Event "BRA-ch sf-A"]
[Site "Guarapari"]
[Date "2012.11.01"]
[Round "2"]
[White "Barbosa, Evandro Amorim"]
[Black "Schutt, Ricardo de Amorim"]
[Result "1-0"]
[WhiteElo "2407"]
[BlackElo "2150"]
[PlyCount "53"]
[EventDate "2012.11.01"]
[EventType "swiss"]
[EventRounds "7"]
[EventCountry "BRA"]
[SourceTitle "EXT 2013"]
[Source "ChessBase"]
[SourceDate "2012.11.22"]
[SourceVersion "1"]
[SourceVersionDate "2012.11.22"]
[SourceQuality "1"]

1. e4 e6 2. d4 d5 3. Nc3 Bb4 4. a3 Bxc3+ 5. bxc3 dxe4 6. Qg4 Nf6 7. Qxg7 Rg8 8.
Qh6 Nbd7 9. a4 c5 10. a5 cxd4 11. cxd4 Rg6 12. Qd2 e5 13. Ne2 Qc7 14. Bb2 exd4
15. Nxd4 Nc5 16. Nb5 Qc6 17. Rd1 Bd7 18. Qb4 e3 19. f3 e2 20. Bxe2 Rxg2 21.
Nd6+ Ke7 22. Bxf6+ Kxf6 23. Qf4+ Ke7 24. Qxf7+ Kd8 25. Qf8+ Kc7 26. Nb5+ Qxb5
27. Qd6+ 1-0

[Event "BRA-ch sf-A"]
[Site "Guarapari"]
[Date "2012.11.02"]
[Round "3"]
[White "Menna Barreto, Felipe Kubiaki"]
[Black "Barbosa, Evandro Amorim"]
[Result "1/2-1/2"]
[WhiteElo "2252"]
[BlackElo "2407"]
[PlyCount "72"]
[EventDate "2012.11.01"]
[EventType "swiss"]
[EventRounds "7"]
[EventCountry "BRA"]
[SourceTitle "EXT 2013"]
[Source "ChessBase"]
[SourceDate "2012.11.22"]
[SourceVersion "1"]
[SourceVersionDate "2012.11.22"]
[SourceQuality "1"]

1. Nf3 c5 2. g3 Nc6 3. d4 cxd4 4. Nxd4 g6 5. Bg2 Bg7 6. Nxc6 bxc6 7. c4 Nf6 8.
Nc3 O-O 9. O-O Rb8 10. Rb1 d6 11. b3 Bf5 12. e4 Bg4 13. f3 Be6 14. Be3 Ng4 15.
Bd4 Ne5 16. f4 c5 17. Bxe5 dxe5 18. Qxd8 Rfxd8 19. f5 Bd7 20. Rbd1 Bc6 21. Nd5
Rd7 22. g4 e6 23. fxe6 fxe6 24. Nf6+ Bxf6 25. Rxd7 Bxd7 26. Rxf6 Rb6 27. g5 Rd6
28. Bh3 Kg7 29. Bg4 h6 30. h4 hxg5 31. hxg5 a5 32. Kf1 Bc6 33. Bxe6 Bxe4 34.
Rf7+ Kg8 35. Rf6+ Kg7 36. Rf7+ Kg8 1/2-1/2

[Event "BRA-ch sf-A"]
[Site "Guarapari"]
[Date "2012.11.02"]
[Round "4"]
[White "Barbosa, Evandro Amorim"]
[Black "Di Berardino, Diego Rafael"]
[Result "1/2-1/2"]
[WhiteElo "2407"]
[BlackElo "2490"]
[PlyCount "34"]
[EventDate "2012.11.01"]
[EventType "swiss"]
[EventRounds "7"]
[EventCountry "BRA"]
[SourceTitle "EXT 2013"]
[Source "ChessBase"]
[SourceDate "2012.11.22"]
[SourceVersion "1"]
[SourceVersionDate "2012.11.22"]
[SourceQuality "1"]

1. e4 c5 2. Nf3 e6 3. d4 cxd4 4. Nxd4 Nc6 5. Nc3 a6 6. g3 Nge7 7. Nb3 d6 8. Bg2
Bd7 9. O-O Nc8 10. a4 Be7 11. Qe2 O-O 12. Be3 Qc7 13. f4 Nb4 14. Qf2 Rb8 15.
Rfd1 b5 16. axb5 axb5 17. Nd4 Bf6 1/2-1/2

[Event "BRA-ch sf-A"]
[Site "Guarapari"]
[Date "2012.11.03"]
[Round "5"]
[White "Aranha Filho, Alvaro Zimmermann"]
[Black "Barbosa, Evandro Amorim"]
[Result "0-1"]
[WhiteElo "2280"]
[BlackElo "2407"]
[PlyCount "42"]
[EventDate "2012.11.01"]
[EventType "swiss"]
[EventRounds "7"]
[EventCountry "BRA"]
[SourceTitle "EXT 2013"]
[Source "ChessBase"]
[SourceDate "2012.11.22"]
[SourceVersion "1"]
[SourceVersionDate "2012.11.22"]
[SourceQuality "1"]

1. d4 Nf6 2. c4 g6 3. f3 e5 4. dxe5 Nh5 5. g3 Nc6 6. e3 Nxe5 7. Be2 Bg7 8. f4
Nc6 9. Nf3 O-O 10. O-O d6 11. Nc3 Re8 12. Qd2 Nf6 13. Re1 Bf5 14. Bd3 Bg4 15.
Nd4 Nxd4 16. exd4 Qd7 17. d5 Bh3 18. Ne4 Nxe4 19. Bxe4 Qg4 20. Re3 Rxe4 21.
Rxe4 Qf3 0-1

[Event "BRA-ch sf-A"]
[Site "Guarapari"]
[Date "2012.11.03"]
[Round "6"]
[White "Barbosa, Evandro Amorim"]
[Black "Toth, Christian Endre"]
[Result "1-0"]
[WhiteElo "2407"]
[BlackElo "2360"]
[PlyCount "109"]
[EventDate "2012.11.01"]
[EventType "swiss"]
[EventRounds "7"]
[EventCountry "BRA"]
[SourceTitle "EXT 2013"]
[Source "ChessBase"]
[SourceDate "2012.11.22"]
[SourceVersion "1"]
[SourceVersionDate "2012.11.22"]
[SourceQuality "1"]

1. e4 c5 2. Nf3 d6 3. Bb5+ Bd7 4. Bxd7+ Qxd7 5. c4 Nc6 6. Nc3 g6 7. d4 cxd4 8.
Nxd4 Bg7 9. Nde2 Nf6 10. f3 O-O 11. O-O Rac8 12. Bg5 h6 13. Bh4 g5 14. Bf2 e6
15. Qd2 Rfd8 16. Rfd1 Qe7 17. Rab1 b6 18. b3 Rd7 19. Nd4 Ne5 20. a4 Nc6 21.
Nxc6 Rxc6 22. Bd4 Ne8 23. Bxg7 Kxg7 24. Qe3 Rc5 25. Rd2 Qf6 26. Rbd1 Qe5 27.
Rd3 Rc8 28. Kh1 f6 29. Ne2 Kf8 30. Nd4 Ke7 31. g3 Rc5 32. Rg1 Rc8 33. f4 Qc5
34. Qf3 Ng7 35. f5 e5 36. Nc2 d5 37. exd5 h5 38. Rgd1 g4 39. Qe4 Qf2 40. Ne3
Qf3+ 41. Qxf3 gxf3 42. Kg1 Kd6 43. Re1 Re8 44. Kf2 e4 45. Rd4 Rde7 46. b4 a5
47. c5+ bxc5 48. bxc5+ Kxc5 49. Rc4+ Kd6 50. Rc6+ Ke5 51. d6 Rb7 52. Rd1 Nxf5
53. Rd5+ Ke6 54. d7+ Kf7 55. dxe8=Q+ 1-0

[Event "BRA-ch sf-A"]
[Site "Guarapari"]
[Date "2012.11.04"]
[Round "7"]
[White "Mendonca, Mateus Nakajo"]
[Black "Barbosa, Evandro Amorim"]
[Result "1/2-1/2"]
[WhiteElo "2211"]
[BlackElo "2407"]
[PlyCount "55"]
[EventDate "2012.11.01"]
[EventType "swiss"]
[EventRounds "7"]
[EventCountry "BRA"]
[SourceTitle "EXT 2013"]
[Source "ChessBase"]
[SourceDate "2012.11.22"]
[SourceVersion "1"]
[SourceVersionDate "2012.11.22"]
[SourceQuality "1"]

1. Nf3 c5 2. c4 Nc6 3. d4 cxd4 4. Nxd4 Nf6 5. Nc3 e6 6. Ndb5 d5 7. Bf4 e5 8.
cxd5 exf4 9. dxc6 bxc6 10. Qxd8+ Kxd8 11. Nd4 Bd7 12. g3 g5 13. Bg2 Rb8 14. O-O
Rxb2 15. Rfd1 Kc7 16. Rac1 c5 17. Nf3 fxg3 18. hxg3 h6 19. Ne5 Be6 20. Nd3 Rb8
21. Nxc5 Bxc5 22. Na4 Nd7 23. Nxc5 Nxc5 24. Rxc5+ Kb6 25. Rc6+ Ka5 26. Rc7 a6
27. Rc3 Rhd8 28. Rdc1 1/2-1/2

[Event "Sao Jose dos Campos op"]
[Site "Sao Jose dos Campos"]
[Date "2012.??.??"]
[Round "1"]
[White "Tashima, Vanessa Kelly"]
[Black "Barbosa, Evandro Amorim"]
[Result "0-1"]
[WhiteElo "1916"]
[BlackElo "2407"]
[PlyCount "76"]
[EventDate "2012.11.29"]
[EventType "swiss"]
[EventRounds "7"]
[EventCountry "BRA"]
[SourceTitle "EXT 2014"]
[Source "ChessBase"]
[SourceDate "2013.11.20"]
[SourceVersion "1"]
[SourceVersionDate "2013.11.20"]
[SourceQuality "1"]

1. e4 c5 2. Nf3 e6 3. c3 Nf6 4. e5 Nd5 5. d4 cxd4 6. cxd4 d6 7. Bc4 Nb6 8. Bb3
dxe5 9. Nxe5 Nc6 10. Nf3 Be7 11. Nc3 O-O 12. O-O Nb4 13. Re1 Bd7 14. a3 N4d5
15. Ne4 Bc6 16. Ne5 Rc8 17. Qd3 Ba4 18. Ba2 Bc2 19. Qe2 Nf6 20. Ng5 Bf5 21.
Ngf3 Nbd5 22. Qb5 Qb6 23. Qxb6 Nxb6 24. Nh4 Be4 25. Bg5 Bd5 26. Bb1 Na4 27. b4
Rfd8 28. Bd3 h6 29. Be3 Nb2 30. Bb1 Ne4 31. Bxe4 Bxe4 32. Nhf3 Bh7 33. Rec1 f6
34. Rxc8 Rxc8 35. Nd7 b6 36. Rc1 Rxc1+ 37. Bxc1 Nd3 38. Be3 Bd6 0-1

[Event "Sao Jose dos Campos op"]
[Site "Sao Jose dos Campos"]
[Date "2012.11.30"]
[Round "2"]
[White "Barbosa, Evandro Amorim"]
[Black "Valente, Rodrigo de Deus"]
[Result "1-0"]
[WhiteElo "2407"]
[BlackElo "2100"]
[PlyCount "53"]
[EventDate "2012.11.29"]
[EventType "swiss"]
[EventRounds "7"]
[EventCountry "BRA"]
[SourceTitle "EXT 2014"]
[Source "ChessBase"]
[SourceDate "2013.11.20"]
[SourceVersion "1"]
[SourceVersionDate "2013.11.20"]
[SourceQuality "1"]

1. e4 d6 2. d4 Nf6 3. Nc3 c6 4. f4 Bg4 5. Nf3 Qa5 6. Bd3 e5 7. Be3 Nbd7 8. O-O
Be7 9. h3 Bxf3 10. Qxf3 O-O-O 11. Ne2 h5 12. c3 h4 13. a4 exf4 14. Qxf4 g6 15.
b4 Qc7 16. b5 Ne5 17. Bc2 Nh5 18. Qf2 Nc4 19. Bc1 f5 20. exf5 g5 21. bxc6 bxc6
22. Bd3 d5 23. Rb1 g4 24. hxg4 Ng3 25. f6 Bd6 26. Nxg3 hxg3 27. Bf5+ 1-0